Sekundárna regulácia hydrostatických systémov

Bibliographic Details
Main Author: Grinč, Ladislav (Author)
Format: Article
Language:Slovak
ISBN:8071004529

MARC

LEADER 00000naa a2200000uu 4500
001 vtls011091606
003 SK-MaSNL
005 20260302110302.0
008 210905|1997 xo |||||||||||||||||slo|
015 |a SNBRA 
035 |a (urnnbn)urn:nbn:sk:snk:ar-a0cqw9 
035 |a (uuid)58a5c8a2-1e18-441e-b726-1e5262c44c1b 
035 |a urn:nbn:sk:snk-aavwly 
040 |a SNKBUCL  |b slo  |c SNKBUCL  |e AACR2 
041 0 |a slo 
044 |a xo  |c SK 
100 1 |a Grinč, Ladislav  |4 aut  |9 9669 
245 1 0 |a Sekundárna regulácia hydrostatických systémov  |c Ladislav Grinč 
773 0 |t Riadenie tekutinových systémov  |d Žilina : Žilinská univerzita, 1997  |g S. 7-10  |z 8071004529 
958 |a OND 
958 |a article12 
958 |a chapter 
999 |c 1242619  |d 1244549